Normal view MARC view

Entry Uniform Title

Number of records used in: 1

001 - CONTROL NUMBER

  • control field: 48625

003 - CONTROL NUMBER IDENTIFIER

  • control field: dpl

005 - DATE AND TIME OF LATEST TRANSACTION

  • control field: 20120607123756.0

008 - FIXED-LENGTH DATA ELEMENTS

  • fixed length control field: 120607|||a|||||| | ||| d

040 ## - CATALOGING SOURCE

  • Original cataloging agency: dpl
  • Transcribing agency: dpl

130 ## - HEADING--UNIFORM TITLE

  • Uniform title: Studies in modern indian history

670 ## - SOURCE DATA FOUND

  • Source citation: Work cat.: (dpl)66310: Verma, M. L. 48624, New phase of human rights :, 2010

670 ## - SOURCE DATA FOUND

  • Source citation: Work cat.: (dpl)66310: Verma, M. L. 48624, New phase of human rights :, 2010

© Delhi Public Library
Hit Counter
free hit counter